| 000 | 00764cam a2200265 a 4500 | ||
|---|---|---|---|
| 001 | 000018682 | ||
| 003 | DO-SdBNP | ||
| 005 | 20221021102050.0 | ||
| 007 | ta | ||
| 008 | 810311s2010 ve a 000 p spa d | ||
| 020 | _a9789945853957 | ||
| 040 |
_aDO-SdBNP _bspa _cBNPHU |
||
| 082 |
_axxx _bD812a _222 |
||
| 100 | 1 |
_aDuarte, Norma _940343 |
|
| 245 | 1 | 0 |
_aApuntes y notas para los ayundantes de profesores / _cNorma Duarte |
| 260 |
_aSanto Domingo : _bASOAPROUASD, _c2010 |
||
| 300 |
_a48 p. ; _c23 cm. |
||
| 590 | _aInventariado, 2022 / DG | ||
| 650 | _98073 | ||
| 650 | _96273 | ||
| 711 |
_aAsociación de ayudantes de Profesores de la Universidad Autónoma de Santo Domingo (ASOAPROUASD) _982563 |
||
| 830 | 0 | _96734 | |
| 910 | _aDG | ||
| 942 |
_2ddc _cLF2 |
||
| 999 |
_c52607 _d52607 |
||